[Event "1st Guwahati GM Open 2022"]
[Site "Guwahati"]
[Date "2022.03.15"]
[Round "2.11"]
[White "Abhrojyoty Nath"]
[Black "Poormosavi, Seyed Kian"]
[Result "0-1"]
[WhiteElo "1628"]
[BlackElo "2229"]
[Annotator "TA"]
[PlyCount "104"]
[EventDate "2022.03.15"]
[EventRounds "10"]
[EventCountry "IND"]
[SourceTitle "playchess.com"]
[Source "ChessBase"]
[SourceQuality "1"]

{[%evp 9,104,20,25,6,20,21,26,21,21,14,18,18,39,25,20,28,29,20,43,34,64,71,79,79,79,84,81,81,94,83,121,113,120,109,99,32,46,-165,-170,-268,0,-124,0,0,0,0,0,0,0,0,0,0,0,0,0,0,29,-220,-222,-215,-136,-130,-133,-138,-118,-197,-187,-285,-228,-223,-223,-258,-265,-412,-398,-490,-491,-484,-461,-421,-298,-601,-601,-570,-562,-532,-490,-590,-589,-662,-546,-682,-499,-802,-788,-575,-390]} 1. d4 Nf6 2. c4 Nc6 3. Nf3 e6 4. e3 Bb4+ 5. Bd2 Bxd2+ 6. Nbxd2 {E10: Blumenfeld Gambit.} d6 7. a3 a5 {[#]} 8. Nb1 $146 {White has an edge.} ({Predecessor:} 8. Be2 O-O 9. O-O e5 10. h3 Bf5 11. Rc1 Re8 12. Re1 h6 13. Bf1 Nd7 14. Qb3 {1-0 (46) Mirzoev,A (2430)-Vlassov,N (2294) Chess.com INT 2021}) 8... O-O 9. Nc3 Qe7 10. Be2 Nb8 11. b4 b6 12. O-O Bb7 13. Nd2 e5 14. Bf3 e4 15. Be2 c5 16. bxc5 bxc5 17. d5 Bc8 18. Rb1 Bf5 19. Qc2 Bg6 20. Rb5 Nbd7 21. Rfb1 Qe5 22. Nb3 (22. Rb7 $16) 22... Qg5 $1 $14 23. Rxa5 $2 (23. Nxa5 Ne5 24. Nc6 Nf3+ 25. Bxf3 exf3 26. Ne7+ Kh8 27. Nxg6+ fxg6 $15) (23. Rb2 $14 {stays ahead.}) 23... Ne5 $19 {Strongly threatening ...Nf3+.} 24. h3 (24. g3 $142 Nf3+ 25. Kg2) 24... Bf5 $2 (24... Nf3+ $19 25. Kh1 Ng4 $1) 25. Kf1 (25. Rxa8 $11 {remains equal.} Rxa8 26. Kh1) 25... Nf3 {Black is more active.} 26. Rxa8 $11 (26. gxf3 $2 exf3 27. Qd1 (27. Bd3 $2 Qg2+ 28. Ke1 Qg1+ 29. Kd2 Qxf2+ 30. Kd1 Qg1+ 31. Kd2 Qf2+ 32. Kd1 Qg1+ 33. Kd2 Qg2+ 34. Ne2 Bxd3 $19) 27... Qg2+ 28. Ke1 fxe2 29. Qxe2 Bxb1 30. Nxb1 Qxh3 $19) 26... Rxa8 27. Nd2 $1 {[%cal Bb3d2,Bd2e4,Be4g5][%mdl 32]} (27. gxf3 exf3 28. Bd3 Bxh3+ 29. Ke1 Qg1+ 30. Kd2 Qxf2+ 31. Kc1 Qxe3+ 32. Qd2 (32. Kb2 f2 $17) 32... Qg1+ 33. Kb2 Qg3 $17) 27... Ng4 $40 {[%cal Rg4h2,Bf6g4,Bg4e5,Be5c4,Bc4d6][%mdl 160] Black mounts an attack.} 28. gxf3 (28. hxg4 $2 Qh6 $1 29. Bxf3 exf3 30. gxf3 Bxc2 $19) 28... exf3 29. Nde4 ({Avoid the trap} 29. Nxf3 $2 Nh2+ $1 {[%mdl 512]} 30. Nxh2 Bxc2 $19) 29... fxe2+ (29... Nxe3+ $2 30. fxe3 Qxe3 {[#]} 31. Nf6+ $1 {[%mdl 512]} gxf6 32. Qxf5 $18) 30. Kxe2 Ne5 {[%mdl 64] aiming for ...Qh5+. Discovered Attack} 31. Nxg5 {Pair of Knights!} Bxc2 32. Rb7 {[%cal Oa3a4]} h6 33. f4 Nxc4 $19 ({Don't do} 33... hxg5 34. fxe5 dxe5 35. e4 $16) 34. Nxf7 Rf8 ({Weaker is} 34... Rxa3 35. Nb5 Rxe3+ 36. Kf2 $17) 35. Nxd6 Nxd6 36. Rc7 c4 37. Kd2 (37. Rc6 $17 {was called for.} Ne4 38. Rxc4 Nxc3+ 39. Rxc3) 37... Bd3 38. Rd7 (38. Rc6 $142 Ne4+ 39. Nxe4 Bxe4 40. Rxc4 Bxd5 41. Ra4) 38... Ne4+ 39. Nxe4 Bxe4 {[%mdl 4096] Endgame KRB-KR} 40. Kc3 Bf5 41. Re7 (41. Rc7 {is a better defense.} Re8 42. Kb4) 41... Bxh3 42. Kxc4 h5 43. d6 Rd8 {Threatens to win with ...h4.} 44. Kd5 Bd7 {White must now prevent ...h4.} 45. Re5 $2 (45. Ke4) 45... g6 {Black is clearly winning.} 46. Rg5 Kf7 47. e4 Kf6 {To avoid f5} 48. Rg2 Ra8 49. Kc5 Rxa3 50. Rc2 Ra6 51. e5+ (51. Rb2 $142 Ra5+ 52. Kd4) 51... Kf5 {( -> ...Rc6+)} 52. Rg2 Be8 {Weighted Error Value: White=0.52/Black=0.21 (precise)} 0-1

[Event "1st Guwahati GM Open 2022"]
[Site "Guwahati"]
[Date "2022.03.15"]
[Round "2.12"]
[White "Dutta Samaritan"]
[Black "Franco Valencia, Angela"]
[Result "1/2-1/2"]
[WhiteElo "1602"]
[BlackElo "2116"]
[Annotator "TA"]
[PlyCount "110"]
[EventDate "2022.03.15"]
[EventRounds "10"]
[EventCountry "IND"]
[SourceTitle "playchess.com"]
[Source "ChessBase"]
[SourceQuality "1"]

{[%evp 17,110,0,10,0,16,2,-8,-10,12,16,10,9,8,17,14,0,0,8,4,0,-9,0,72,0,0,0,8,7,2,5,4,3,89,86,99,89,87,4,87,11,11,13,13,12,12,12,12,12,16,0,0,0,0,0,0,-114,-95,-116,-116,-106,-112,-109,-106,-107,-26,-26,-26,-316,-316,-731,-664,-320,-8,-8,-8,-8,-8,-8,-8,-8,-8,-8,-8,-8,-8,-8,-8,-8,-8,-8,-8,-8,-8,-8,399]} 1. e4 c5 2. Nf3 d6 3. g3 Nf6 4. d3 Nc6 5. Bg2 g6 6. O-O Bg7 7. Nbd2 O-O 8. Re1 Qc7 9. c3 Rb8 10. a4 {A05: Réti Opening: 1 Nf3 Nf6.} a6 11. d4 cxd4 12. Nxd4 {[#]} Nxd4 $146 ({Predecessor:} 12... Bd7 13. Nf1 Nxd4 14. cxd4 Rfc8 15. e5 dxe5 16. dxe5 Ne8 17. Bf4 Be6 18. Rc1 Qd8 {½-½ (44) Szenetra,W (2179)-Van Dongen,R (1968) Bad Sooden-Allendorf 2012}) 13. cxd4 Bg4 14. Nf3 Rbc8 15. h3 Bd7 16. Bd2 d5 17. e5 Ne4 18. Bb4 Qc2 19. Nd2 Qxb2 (19... Nxd2 $11 20. Qxd2 Qxd2 21. Bxd2 Rc4) 20. Nxe4 (20. Rb1 $16 Qa2 21. Nxe4 dxe4 22. Bxe4) 20... Qxb4 $11 21. Nc5 $36 {[%mdl 2048] White has the initiative.} Bf5 {aiming for ...b6.} 22. g4 Be4 23. Bxe4 dxe4 24. Rb1 Qc4 (24... Qc3 $11 {keeps the balance.}) 25. Nd7 $1 $16 (25. Rxb7 Rfd8 26. Qb3 (26. Rxe4 $2 Qxc5 27. dxc5 Rxd1+ $19) 26... Rxd4 27. Qxc4 Rxc4 28. Nxe4 R4c7 $11) (25. Nxb7 f5 $15) (25. Nxe4 Rcd8 $15) 25... Rcd8 26. Nxf8 {White is more active.} (26. Rc1 {with more complications.} Qd3 27. Nxf8 Bh6 28. Nxg6 fxg6 29. Qxd3 exd3 30. Rc7) 26... Rxd4 27. Qb3 (27. Qc1 $16 {Threatens to win with Qxc4.} Qd5 28. e6 $1 (28. Nxg6 hxg6 29. Qc8+ Kh7 $16) 28... Bxf8 29. exf7+ Kxf7 30. a5) 27... Kxf8 {[#]} (27... Qxb3 $11 {remains equal.} 28. Rxb3 Kxf8) 28. Qxc4 ({But not} 28. Qxb7 $6 Bxe5 29. Rbc1 Qe6 $11) (28. Rbc1 $1 $16 Qe6 29. Rc5 $1 (29. Qxb7 Bxe5 30. Qc8+ Qxc8 $11)) 28... Rxc4 $11 29. Rec1 Rxc1+ 30. Rxc1 {[%cal Rc1c8]} Bxe5 {[%mdl 4096] Endgame KR-KB} 31. Rc4 b5 32. Rxe4 Bc3 33. axb5 axb5 {[%cal Ba6b5,Bb5b4,Bb4b3,Bb3b2][%mdl 32]} 34. Re3 b4 35. Kf1 Bd4 36. Re4 (36. Rd3 $11 e5 37. Rb3) 36... e5 $17 37. Re1 b3 38. Ke2 {[#]} b2 $1 39. f3 Ke7 40. Kd3 f5 (40... Ke6 $17) 41. gxf5 $11 gxf5 42. f4 $2 {[%mdl 8192]} (42. h4 $11 {and White stays safe.}) 42... Kf7 $19 43. fxe5 $2 {[#]} (43. Kc4 Be3 44. Kb3) 43... Bxe5 $1 {[%mdl 512]} 44. Ke3 (44. Rf1 Ke6) 44... Bg7 $2 (44... Ke6 $19 45. Rd1 Bf6) 45. Kd3 {The position is equal.} Bh6 46. Kc2 Bc1 47. Rd1 Kg6 48. Rd7 h6 49. Rb7 Kg5 50. Kd1 Kh4 51. Rb3 f4 52. Ke2 Kg5 53. Kf3 Kf5 54. Rb5+ Ke6 55. Rxb2 Ke5 $2 {[%mdl 40960] What a bad dream for Black.  Weighted Error Value: White=0.32/Black=0.28 (precise) . An unexpected result.} (55... Bxb2 $11 {and Black is okay.} 56. Kxf4 h5) 1/2-1/2

[Event "1st Guwahati GM Open 2022"]
[Site "Guwahati"]
[Date "2022.03.15"]
[Round "2.13"]
[White "Batsah Arindom"]
[Black "Muhammed, Shuaau"]
[Result "0-1"]
[WhiteElo "1360"]
[BlackElo "1970"]
[Annotator "TA"]
[PlyCount "76"]
[EventDate "2022.03.15"]
[EventRounds "10"]
[EventCountry "IND"]
[SourceTitle "playchess.com"]
[Source "ChessBase"]
[SourceQuality "1"]

{[%evp 18,76,-5,-20,0,-7,-2,-14,-18,-46,-20,-32,-20,-45,-45,-48,-46,-42,-28,-33,-24,-7,-16,-6,-15,-21,0,0,0,0,215,-35,-33,-35,-39,-39,-36,-35,0,0,22,-47,-33,-106,-79,-75,-83,-83,-79,-79,-73,-123,-117,-284,-269,-278,-291,-284,-281,-29995,-29996]} 1. c4 e6 2. Nf3 d5 3. e3 Nf6 4. Nc3 c5 5. d4 Nc6 6. Be2 Be7 7. O-O O-O 8. a3 dxc4 9. Bxc4 cxd4 10. Nxd4 Nxd4 {D40: Queen's Gambit Declined: Semi-Tarrasch with 5 e3.} 11. exd4 Qc7 12. Ba2 {[#]} Rd8 $146 {The position is equal.} ({Predecessor:} 12... b6 13. Bg5 Bb7 14. Rc1 Qd7 15. Qd3 Rfd8 16. Rfd1 Nd5 17. Bb1 g6 18. Bh6 Rac8 {½-½ (55) Hj Matnor,H-Righi,E (2205) Manila 1992}) 13. Bg5 h6 14. Be3 Bd7 15. Rc1 {[%cal Oc3d5]} Bc6 {To avoid Nd5} 16. Qe2 Qd7 17. Rfd1 Nd5 (17... Bd6 {is more complex.} 18. Qd2 Qe7 19. h3 Rac8 20. Bb1 Kf8) 18. Qg4 Nxe3 19. fxe3 Bg5 {A strong pair of Bishops.} 20. Re1 Rac8 21. Rcd1 Bf6 22. Rf1 {And now Rxf6 would win.} Qe7 23. Ne4 Bg5 {[#]} (23... Bh4 $11) 24. Rf3 $2 (24. Rxf7 $1 $18 {[%mdl 512]} Kxf7 25. Nxg5+ hxg5 26. Rf1+ Ke8 27. Qh5+ (27. Bxe6 Rd6 $17) 27... Kd7 28. Rf7) 24... Bd5 $15 25. Bxd5 exd5 26. Nxg5 Qxg5 27. Qh3 Rc6 28. Rdf1 $1 Qe7 29. Kh1 ({White should try} 29. Rxf7 $11 Qxf7 30. Rxf7 Kxf7 31. Qh5+ Kg8 32. Qe5) 29... Rc2 30. Rg3 (30. Kg1 $15) 30... Kh8 ({Reject} 30... Qf6 31. Rgf3 Qg6 32. Kg1 $15) 31. Qg4 {[%csl Gg3][%cal Rg4g7]} f6 {Active counter play!} 32. Rb1 Rdc8 {[%cal Bd8c8,Bc8c7,Bc7c2][%mdl 32] Strongly threatening ...Rc1+.} 33. h3 R8c7 $36 {[%mdl 2048] Black is on the roll.} 34. Qf5 {[#]} (34. Kh2 $142) 34... Qe4 $1 $17 35. Qh5 {[#] White does not recover from this.} (35. Qxe4 $17 {was necessary.} dxe4 36. Rg4) 35... Rxg2 $3 $19 {[%mdl 512]} 36. Rxg2 Qxb1+ 37. Kh2 Qe4 38. Rg4 $2 (38. Qe2 $19) 38... Rc2+ {Weighted Error Value: White=0.56/Black=0.21 (precise)} 0-1

[Event "1st Guwahati GM Open 2022"]
[Site "Guwahati"]
[Date "2022.03.15"]
[Round "2.14"]
[White "Aditya P Melani"]
[Black "Visakh N R"]
[Result "1/2-1/2"]
[WhiteElo "1852"]
[BlackElo "2522"]
[Annotator "TA"]
[PlyCount "240"]
[EventDate "2022.03.15"]
[EventRounds "10"]
[EventCountry "IND"]
[SourceTitle "playchess.com"]
[Source "ChessBase"]
[SourceQuality "1"]

{[%evp 9,240,0,12,6,14,3,2,-19,0,0,27,22,39,-8,0,-122,-117,-114,-123,-129,-152,-233,-208,-244,-226,-284,-281,-224,-221,-314,-286,-327,-328,-311,-236,-219,-213,-244,-160,-178,-155,-168,-159,-152,-144,-178,-131,-173,-127,-156,-68,-87,-81,-107,-86,-90,-64,-67,17,20,5,9,62,39,21,19,229,232,243,236,239,234,213,0,4,0,106,0,0,0,0,0,0,0,0,0,0,-12,0,0,0,-12,-12,-12,-12,-161,-12,-160,-12,-189,-12,-167,0,-709,-20,-29983,-183,-167,-12,-1633,-100,-189,-189,-189,-135,-189,-121,-29981,-29973,-29985,-121,-29979,-29974,-29973,-121,-121,-121,-29975,-29975,-29967,-121,-1472,-182,-182,-121,-29968,-29967,-29962,-121,-182,-121,-121,-121,-121,-121,-182,-121,-182,0,-182,-121,-182,-121,-121,-121,-121,-121,-121,-121,-121,-121,-29969,-121,-121,-121,-121,0,-121,-121,-121,-121,-121,-121,-121,-121,-121,-121,-121,0,-121,-12,-121,-121,-121,-9,-9,0,0,0,0,29989,-12,-8,-12,-12,-12,-12,-12,-11,-20,-11,-12,-11,-11,-11,-11,-11,-11,-11,-11,-11,-11,8,-11,-11,-12,-12,-12,-12,-12,-11,-12,-12,-28,-28,-28,-24,-24,0,-40,-24,-40,-36]} 1. c4 e5 2. g3 c6 3. d4 e4 4. Nc3 d5 5. Bg2 Nf6 6. Bg5 {A20: English Opening: 1...e5.} Nbd7 {[%cal Bb8d7,Bd7b6,Bb6c4][%mdl 32]} 7. cxd5 cxd5 8. Rc1 {The position is equal.} Be7 9. Qb3 O-O 10. Nh3 Nb6 11. O-O {[#]} (11. Nf4 $14 {might be stronger.}) 11... h6 $146 ({Predecessor:} 11... Bd7 12. f3 exf3 13. Rxf3 h6 14. Bf4 Rc8 15. Rcf1 Bg4 16. Rd3 Qd7 17. Nf2 Be6 {0-1 (49) Blodig,R (2211)-Bernasek,J (2381) Marianske Lazne 2004}) 12. Bf4 (12. Bxf6 $11 {remains equal.} Bxf6 13. Nf4) 12... g5 $1 $17 13. Be5 Ne8 14. Nb5 Nc4 {Threatens to win with ...Nd2.} 15. f3 (15. Nc3 $17 {keeps fighting.}) 15... exf3 16. exf3 (16. Qxf3 Nxe5 17. dxe5 Qb6+ 18. Nf2 Qxb5 $19) 16... f6 $1 17. Rxc4 dxc4 18. Qxc4+ Kg7 19. Bc7 (19. Nc7 $142) 19... Qd7 $1 $19 {And now ...a6 would win.} 20. Ba5 b6 21. Bc3 Ba6 22. a4 Nd6 23. Qd5 Rad8 {Hoping for ...Bb7.} (23... Bxb5 24. axb5 Qxb5 25. Qe6 $17) 24. Nxd6 Bxd6 25. Ra1 Rfe8 {aiming for ...Re2.} 26. Nf2 {[%cal Bh3f2,Bf2d1,Bd1e3,Be3f5][%mdl 32]} Bb7 27. Qb3 Qe6 (27... Bb8 $19 28. Qc2 Bd5) 28. Qb5 (28. Qxe6 $17 {was called for.} Rxe6 29. Ne4) 28... Qd5 (28... h5 $19 29. Ne4 Bd5 30. Nxd6 Qxd6) 29. Qd3 a6 (29... h5 $17 {[%cal Og5g4] White must now prevent ...g4!} 30. Ne4 Bc7) 30. Nd1 Qe6 {Prevents Ne3.} 31. Kf2 Bc8 32. Ne3 Qf7 33. Bf1 Re7 (33... a5 $15) 34. Nf5+ $1 $11 Bxf5 35. Qxf5 Rh8 (35... a5 $11) 36. h4 a5 37. Bd3 Bb4 $2 (37... Kf8 $11) 38. Bxb4 $18 axb4 39. a5 $1 bxa5 40. Rxa5 Rd7 {[#]} 41. d5 (41. Bc4 $1 $18 {[%mdl 512]} Qe7 (41... Qxc4 42. Qxd7+) 42. h5) 41... b3 42. Rb5 {[%cal Oh4h5]} Re7 (42... Rhd8 $1 $11) 43. d6 (43. Rxb3 Re5 44. Rb7 Rxf5 $17) (43. f4 $1 $16) 43... Re5 $1 $11 ({Don't take} 43... Re6 44. hxg5 (44. Rd5 Re5 $11) 44... hxg5 45. Be4 Rxe4 46. Qxe4 Qa7+ 47. Kg2 $16) 44. Rxe5 fxe5 45. Qxe5+ {[%mdl 4096] Endgame KQR-KQB} Qf6 46. Qe4 Qxd6 47. Qb7+ Kf6 48. Qxb3 Rc8 49. Qb5 {Strongly threatening Qf5+.} Rc5 {Prevents Qf5+.} 50. Qa6 {[#]} Rc2+ $1 51. Ke3 {Really sharp!} Qxa6 52. Bxa6 {KR-KB} (52. hxg5+ $1 $11 Kxg5 53. Bxa6) 52... Rg2 ({Weaker is} 52... Rxb2 53. hxg5+ Kxg5 54. Be2 $17) (52... gxh4 $1 $19 53. gxh4 Rh2) 53. Bf1 (53. hxg5+ $11 {keeps the balance.} Kxg5 54. b4) 53... Rxb2 ({Black should play} 53... Rxg3 $17 54. hxg5+ Rxg5) 54. Bh3 (54. hxg5+ $11 {and White has nothing to worry.} Kxg5 55. Be2) 54... Ra2 $2 (54... gxh4 $19 55. gxh4 Rh2) 55. Bg4 $2 (55. hxg5+ $11 {and White is okay.} Kxg5 56. f4+ Kg6 57. Bf1) 55... Rb2 $2 (55... gxh4 $1 $19 56. gxh4 Rh2) 56. Ke4 $2 {[%mdl 8192]} (56. Bh3 $11) 56... Rb3 $2 (56... Re2+ $19 57. Kd3 Rg2) 57. Be6 $2 {[%mdl 8192]} Ra3 $2 (57... Kxe6 58. h5 Ra3 59. g4 Rb3 60. f4 Rb4+ 61. Kd3 gxf4 62. g5 hxg5 63. Ke2 Rb2+ 64. Kd3 f3 65. Kc3 Rb1 66. h6 f2 67. h7 f1=Q 68. h8=Q Qc1+ 69. Kd4 Qd2+ 70. Ke4 Re1+ 71. Kf3 Qf4+ 72. Kg2 Re2+ 73. Kh3 Rh2#) 58. Bd7 $19 Ra7 $2 (58... gxh4 $19 59. gxh4 Ra7) 59. Bb5 $2 {[%mdl 8192]} (59. hxg5+ $11 Kxg5 60. f4+ Kf6 61. Bb5) 59... Rb7 $2 (59... Re7+ $19 60. Kd4 gxh4 61. gxh4 Re1) 60. Bd3 (60. hxg5+ $17 Kxg5 61. Bc6 Re7+ 62. Kd3) 60... Re7+ 61. Kd4 Re1 (61... gxh4 $19 62. gxh4 Re1) 62. Be4 (62. hxg5+ $17 {only move.} hxg5 63. Bh7) 62... Rg1 (62... Rd1+ $19 63. Ke3 gxh4 64. gxh4 Rh1) 63. g4 $2 {[%mdl 8192]} (63. hxg5+ $17 hxg5 64. g4) 63... Rd1+ 64. Bd3 Ra1 $2 (64... gxh4 65. f4 Rxd3+ $1 {[%mdl 512]} 66. Kxd3 h3 67. Kd4 h2 68. Ke3 h1=Q 69. Ke2 Qg2+ 70. Ke3 Qxg4 71. Kd4 Qxf4+ 72. Kc3 h5 73. Kc2 h4 74. Kb2 h3 75. Kc3 h2 76. Kb3 h1=Q 77. Kc2 Qc4+ 78. Kd2 Qhc1#) 65. Kd5 $2 {[%mdl 8192]} (65. hxg5+ $17 hxg5 66. Bc2) 65... Ra5+ 66. Kd4 Ke6 $2 (66... gxh4 67. Be4 Ra3 68. f4 h3 69. Bc6 h2 70. Bd5 Rh3 71. Bc4 h1=Q 72. g5+ hxg5 73. fxg5+ Ke7 74. Kc5 Qe4 75. Ba6 Rb3 76. Bf1 Qe5+ 77. Kc4 Rc3+ 78. Kb4 Qc5+ 79. Ka4 Ra3#) 67. Bc4+ Kd6 68. Bd3 $2 {[%mdl 8192]} (68. hxg5 $17 hxg5 69. Bg8) 68... Ra4+ 69. Ke3 Ke5 $2 (69... gxh4 70. Bf1 Ke5 71. Kf2 Ra2+ 72. Ke3 Ra3+ 73. Kf2 Kf4 74. Kg2 Rxf3 75. Bb5 h3+ 76. Kh2 Kg5 77. Bd7 Ra3 78. Bc8 Kh4 79. Kg1 Rf3 80. g5 hxg5 81. Bb7 Rf4 82. Ba6 Kg3 83. Be2 h2+ 84. Kh1 Rf2 85. Bc4 Rg2 86. Bg8 Rg1#) 70. Be4 $2 {[%mdl 8192]} (70. hxg5 $17 hxg5 71. Be4) 70... Ra3+ $2 (70... gxh4 71. f4+ Kd6) 71. Kf2 Kf4 ({Better is} 71... gxh4 $19 {( -> ...Ra2+)} 72. Kg2 Kf4) 72. Kg2 $2 {[%mdl 8192]} (72. hxg5 $17 Ra2+ 73. Kf1 hxg5 74. Bd5) 72... Ra2+ 73. Kh3 Rd2 $2 (73... h5 $1 74. Bd5 hxg4+ 75. fxg4 Ra3+ 76. Kh2 gxh4 77. g5 Kxg5 78. Be6 Re3 79. Bd7 Kf4 80. Bc8 Ra3 81. Be6 Ke5 82. Bg4 Rd3 83. Bc8 Kf4 84. Kg2 Rg3+ 85. Kh2 Rd3 86. Kg2 Ke4 87. Kh2 Kf4) 74. Bc6 (74. hxg5 $17 hxg5 75. Bc6) 74... Ke3 (74... gxh4 $19 75. Bb7 Rd1) 75. Kg3 Rd4 76. Bb7 Rd1 77. Kg2 (77. hxg5 $17 {was necessary.} hxg5 78. Kg2) 77... Kf4 (77... gxh4 $19 78. Kh2 Kf4) 78. Bc6 (78. hxg5 $17 hxg5 79. Be4) 78... Rd2+ ({Avoid the trap} 78... gxh4 $2 79. Bb7 $19) 79. Kh3 Rc2 (79... gxh4 $19 80. Bb7 Rd1) 80. Bd5 {[#]} (80. Be4 $17 Rd2 81. hxg5 hxg5 82. Bc6) 80... Rb2 (80... gxh4 $1 $19 81. Be4 Rc1) 81. hxg5 $17 hxg5 82. Be4 Rd2 83. Bc6 Ke3 84. Kg3 Rf2 85. Kh3 $2 {[%mdl 8192] [#]} (85. Be4 $17) 85... Kf4 $2 (85... Ke2 $1 86. Kg3 Kf1 87. Bb5+ Kg1 88. f4 Rxf4 89. Bd7 Rc4 90. Kf3 Kh2 91. Bf5 Rf4+ 92. Ke2 Kg3 93. Kd2 Rxg4 94. Be6 Rb4 95. Bg8 g4 96. Be6 Kh2 97. Kc3 Rf4 98. Bd5 g3 99. Kd3 g2 100. Ke3 Rh4 101. Bxg2 Kxg2 102. Ke2 Rh3 103. Ke1 Kf3 104. Kd2 Kf2 105. Kc1 Ke1 106. Kc2 Ke2 107. Kc1 Kd3 108. Kb2 Kd2 109. Ka1 Kc2 110. Ka2 Rb3 111. Ka1 Ra3#) 86. Be4 Ra2 87. Bd5 Rb2 88. Be4 Ke3 89. Kg3 Ra2 90. Bd5 Ra1 91. Kg2 {Prevents Rg1+.} Rd1 92. Bb7 Rd2+ 93. Kg3 Rb2 (93... Rf2 $17 94. Be4 Rd2) 94. Bc6 (94. Be4 $11) 94... Kd4 (94... Rb4 $17 95. Be4 Rc4) 95. Ba8 (95. f4 $1 $11 {was the only way to keep the balance.}) 95... Ra2 96. Bb7 Kc3 ({Black should try} 96... Ra3 $17 97. Be4 Ke3) 97. f4 $1 $11 gxf4+ 98. Kxf4 Kd4 99. Bf3 $1 Ra8 $2 {[%mdl 8192]} 100. g5 $2 (100. Bxa8 {mates} Kc5 101. Ke5 Kc4 102. g5 Kb4 103. g6 Kc3 104. g7 Kc4 105. g8=Q+ Kc5 106. Qd5+ Kb4 107. Kd4 Ka3 108. Kc3 Ka4 109. Bc6+ Ka3 110. Qb3#) 100... Rg8 101. Kg4 Ke5 102. Bd1 Rd8 103. Bf3 Ke6 104. Kh5 Kf7 105. g6+ Kg7 106. Kg5 Rd6 107. Be4 Ra6 108. Bd3 Ra5+ 109. Kf4 Kf6 110. Ke3 Ke5 111. Kd2 Ra2+ 112. Kc3 Ra3+ 113. Kd2 Kd4 114. Bf5 Ra2+ 115. Kc1 Rg2 116. g7 Rxg7 117. Kb2 Ke5 118. Bb1 Kd4 119. Ka1 Ra7+ 120. Ba2 Kc3 {What a fight!  Weighted Error Value: White=0.72/Black=0.72} 1/2-1/2

[Event "1st Guwahati GM Open 2022"]
[Site "Guwahati"]
[Date "2022.03.15"]
[Round "2.15"]
[White "Kolomwe Willian"]
[Black "Karthik Venkataraman"]
[Result "0-1"]
[WhiteElo "1783"]
[BlackElo "2485"]
[Annotator "TA"]
[PlyCount "56"]
[EventDate "2022.03.15"]
[EventRounds "10"]
[EventCountry "IND"]
[SourceTitle "playchess.com"]
[Source "ChessBase"]
[SourceQuality "1"]

{[%evp 9,56,6,17,0,0,0,0,0,13,0,0,-25,0,-19,0,-6,0,-151,-141,-133,-134,-196,-181,-182,-168,-205,-203,-200,-209,-257,-257,-271,-281,-304,-300,-295,-271,-262,-276,-256,-266,-410,-390,-448,-438,-579,-572,-529,-528]} 1. e4 c5 2. Nf3 d6 3. c3 Nf6 4. Be2 Bd7 5. Qc2 Qc7 6. d3 {B50: Sicilian: 2...d6, Miscellaneous.} g6 {[#]} 7. h3 $146 ({Predecessor:} 7. Nbd2 Bg7 8. Nf1 O-O 9. Ng3 e5 10. h4 h6 11. h5 g5 12. Nxg5 hxg5 13. h6 {0-1 (34) Klyashtorny,V (2403)-Erdogdu,M (2407) Chess.com INT 2021}) 7... Bg7 8. Be3 {The position is equal.} O-O 9. Nbd2 e5 10. Nf1 Nh5 11. Qd2 f5 12. exf5 gxf5 {...f4 is the strong threat.} 13. Nxe5 $2 {White is now going downhill.} dxe5 $17 14. Bxh5 f4 15. Qe2 (15. Bf3 $17) 15... fxe3 $19 16. Nxe3 Nc6 17. O-O Ne7 18. Rfe1 Kh8 19. Rad1 Rad8 20. a3 Ba4 21. Rd2 Bc6 22. Nc4 {[#]} Bxg2 $1 {[%mdl 512]} 23. Kxg2 {[#]} Nd5 {Strongly threatening ...Nf4+.} 24. Kf1 Nf4 {[%csl LRe2,LRh3]} 25. Qg4 (25. Qf3 $142) 25... b5 26. Ne3 Qc6 {And now ...Qh1+ would win. Black is clearly winning.} 27. Ng2 (27. Kg1 Rg8 28. Qf3 (28. Bf7 $2 Bf6 $19) 28... Bh6+ 29. Kf1 e4 30. dxe4 Rxd2) 27... Nxg2 28. Qxg2 Qh6 $1 {[%csl LRd2,LRh5] Weighted Error Value: White=0.42/Black=0.03 (flawless)} 0-1

[Event "1st Guwahati GM Open 2022"]
[Site "Guwahati"]
[Date "2022.03.15"]
[Round "2.16"]
[White "Priyanka, Kumari"]
[Black "Farooq, Noor"]
[Result "1-0"]
[WhiteElo "1910"]
[BlackElo "1693"]
[Annotator "TA"]
[PlyCount "53"]
[EventDate "2022.03.15"]
[EventRounds "10"]
[EventCountry "IND"]
[SourceTitle "playchess.com"]
[Source "ChessBase"]
[SourceQuality "1"]

{[%evp 19,53,39,54,53,52,45,40,41,66,66,58,52,185,193,185,179,180,184,206,86,83,98,327,339,2964,2943,29991,0,29992,29993,29993,29994,29994,29995,29995,29996]} 1. e4 e6 2. d4 d5 3. Nc3 dxe4 4. Nxe4 Bd7 5. Nf3 Bc6 6. Bd3 Nd7 7. O-O Ngf6 8. Qe2 Be7 9. Nxf6+ Nxf6 10. Rd1 O-O 11. Ne5 {C10: French with 3 Nc3: Unusual Black 3rd moves and 3...dxe4.} Qd5 {[%csl Gc6][%cal Rd5g2]} 12. Nxc6 {Active counter play!} Qxc6 13. c4 {[%cal Bc2c4,Bc4c5][%mdl 32] White is slightly better.} Rfe8 14. Bf4 Rad8 15. Be5 {[#]} Qb6 $146 (15... Qd7 $14) ({Predecessor:} 15... a6 16. Rac1 Rd7 17. Rc3 b6 18. Bc2 Qb7 19. Rh3 h6 20. Rg3 Kf8 21. Rdd3 Bd6 22. f4 c6 23. Rxg7 Ke7 24. f5 Bxe5 25. dxe5 Ng8 26. f6+ Kd8 27. Rxf7 {1-0 (27) Norgaard,J (2320)-Busto,B Mexico City 1993}) 16. c5 $1 $18 Qa5 17. b4 $1 Qxb4 18. Rab1 {[%mdl 64] Skewer} Qa5 19. Rxb7 (19. Rb5 $1 $18 {[%cal Rb5a5]} Qa6 20. Rdb1 (20. Bxc7 Rxd4 21. Bxh7+ Nxh7 $16)) 19... Nd5 $16 20. Rb5 $36 {[%mdl 2048] Keeping Black busy.} Qa3 {[#]} (20... Qa4 $16 21. Rb3 Rb8) 21. Rb3 $1 $18 {[%cal Bb5b3,Bb3g3,Bg3h3][%mdl 32]} Qa5 {[#]} (21... Qa4 22. Bb5 Qa5) 22. Bxh7+ $1 {[%mdl 512]} Kxh7 (22... Kf8 23. Bxg7+) 23. Qh5+ ({Don't blunder} 23. Qg4 $2 Bf6 24. Rh3+ Kg8 $19) 23... Kg8 {[#] And now ...Bf6 would win.} 24. Bxg7 {[%mdl 576] Decoy. White mates.} Kxg7 (24... Qe1+ 25. Rxe1) 25. Rg3+ Bg5 26. Qxg5+ Kf8 27. Rh3 {Weighted Error Value: White=0.07 (flawless) /Black=0.78} 1-0